[Event "Saint Louis SPICE Cup op 9th"]
[Site "Saint Louis"]
[Date "2015.10.17"]
[Round "1"]
[White "Leon Hoyos, Manuel"]
[Black "Hendrickson, Nolan"]
[Result "0-1"]
[WhiteElo "2503"]
[BlackElo "2200"]
[PlyCount "152"]
[EventDate "2015.10.17"]
[EventType "swiss"]
[EventRounds "9"]
[EventCountry "USA"]
[SourceTitle "CBM 168 Extra"]
[Source "ChessBase"]
[SourceDate "2015.10.29"]
[SourceVersion "1"]
[SourceVersionDate "2015.10.29"]
[SourceQuality "1"]

1. d4 d5 2. c4 c6 3. Nf3 Nf6 4. g3 Bg4 5. Bg2 e6 6. 0-0 Nbd7 7. Nbd2 Be7 8. Re1 0-0 9. e4 dxc4 10. Nxc4 Nxe4 11. Rxe4 Nf6 12. Re1 Bb4 13. Re2 Bd6 14. h3 Bh5 15. Re1 c5 16. Be3 Qc7 17. Qb3 b6 18. Nfe5 cxd4 19. Bxd4 Rac8 20. Nc6 Bg6 21. Qc3 Qd7 22. N6e5 Qe7 23. Qb3 Bxe5 24. Bxe5 Nd7 25. Bc3 Rfd8 26. Rad1 Nc5 27. Qa3 Qc7 28. b3 Nd3 29. Re3 a5 30. Bf1 Nc5 31. Rde1 f6 32. f4 Rd6 33. Qb2 Rcd8 34. Qe2 Bd3 35. Qh5 Bxf1 36. Kxf1 Qc6 37. Kg1 Rd3 38. Qg4 Rxe3 39. Rxe3 Ne4 40. Be1 f5 41. Qf3 Qc5 42. Kf1 Rd4 43. Rd3 Rxd3 44. Qxd3 h6 45. Qd7 Qe3 46. Qxe6+ Kh8 47. Qc8+ Kh7 48. Qxf5+ Kg8 49. Qg4 Qd3+ 50. Kg2 Qc2+ 51. Kg1 Qd3 52. Bf2 Qb1+ 53. Kg2 Nxf2 54. Qe6+ Kh8 55. Qxb6 Ne4 56. Qxa5 Qc2+ 57. Kf3 Qd3+ 58. Kg4 Qxg3+ 59. Kf5 Nf6 60. Ke6 Qxh3+ 61. f5 Qd3 62. Qb5 h5 63. a4 h4 64. a5 Qe4+ 65. Kf7 h3 66. a6 Qe8+ 67. Qxe8+ Nxe8 68. Kxe8 h2 69. b4 h1Q 70. b5 Qg1 71. Kd7 Qb6 72. Kc8 Kg8 73. Kd7 Kf7 74. a7 Qxa7+ 75. Kc6 Ke7 76. Nb6 Kd8 0-1

[Event "US Open-116"]
[Site "Phoenix"]
[Date "2015.08.09"]
[Round "9"]
[White "Hendrickson, Nolan"]
[Black "Diamant, Andre"]
[Result "0-1"]
[WhiteElo "2200"]
[BlackElo "2483"]
[PlyCount "88"]
[EventDate "2015.08.01"]
[EventType "swiss"]
[EventRounds "9"]
[EventCountry "USA"]
[SourceTitle "CBM 167 Extra"]
[Source "ChessBase"]
[SourceDate "2015.09.14"]
[SourceVersion "1"]
[SourceVersionDate "2015.09.14"]
[SourceQuality "1"]

1. e4 c5 2. Nc3 e6 3. Nge2 Nc6 4. g3 Nf6 5. Bg2 d6 6. 0-0 Be7 7. d3 a6 8. h3 0-0 9. f4 Nd7 10. Be3 b5 11. a3 Bb7 12. Qe1 Nb6 13. Qf2 Rc8 14. Rac1 Re8 15. f5 Ne5 16. Nf4 Bf8 17. g4 Qd7 18. f6 g6 19. Qh4 d5 20. Nfe2 d4 21. Bh6 Qd6 22. Nd1 Nbd7 23. Bf4 c4 24. Nf2 Rc5 25. Bd2 h6 26. Bb4 g5 27. Qg3 cxd3 28. Bxc5 Nxc5 29. Nxd3 Nexd3 30. cxd3 Qxg3 31. Nxg3 Nxd3 32. Rc7 Ba8 33. e5 Bxg2 34. Kxg2 Nxb2 35. Ne4 Nc4 36. Rh1 Rd8 37. h4 gxh4 38. a4 d3 39. axb5 axb5 40. Kf2 Rd4 41. Ra1 Rxe4 42. Ra8 Nxe5 43. Rxf8+ Kh7 44. Rcc8 Kg6 0-1

[Event "US Open-116"]
[Site "Phoenix"]
[Date "2015.08.03"]
[Round "3"]
[White "Hendrickson, Nolan"]
[Black "Thompson, Buddy"]
[Result "1-0"]
[WhiteElo "2200"]
[BlackElo "1879"]
[PlyCount "25"]
[EventDate "2015.08.01"]
[EventType "swiss"]
[EventRounds "9"]
[EventCountry "USA"]
[SourceTitle "CBM 167 Extra"]
[Source "ChessBase"]
[SourceDate "2015.09.14"]
[SourceVersion "1"]
[SourceVersionDate "2015.09.14"]
[SourceQuality "1"]

1. e4 e6 2. d3 d5 3. Nd2 Nf6 4. Ngf3 Bc5 5. c3 dxe4 6. Nxe4 Nxe4 7. Qa4+ Bd7 8. Qxe4 Bc6 9. Qg4 Qf6 10. Be2 Nd7 11. Bg5 Bxf3 12. Bxf3 Ne5 13. Qa4+ 1-0

[Event "Politiken Cup 36th"]
[Site "Helsingor"]
[Date "2014.07.29"]
[Round "10"]
[White "Moe, Mogens"]
[Black "Hendrickson, Nolan"]
[Result "0-1"]
[WhiteElo "2274"]
[BlackElo "2168"]
[PlyCount "72"]
[EventDate "2014.07.21"]
[EventType "swiss"]
[EventRounds "10"]
[EventCountry "DEN"]
[SourceTitle "CBM 161 Extra"]
[Source "ChessBase"]
[SourceDate "2014.08.29"]
[SourceVersion "1"]
[SourceVersionDate "2014.08.29"]
[SourceQuality "1"]

1. e4 c5 2. Nf3 d6 3. d4 cxd4 4. Nxd4 Nf6 5. Nc3 g6 6. Be2 Bg7 7. 0-0 Nc6 8. Nb3 0-0 9. f4 Bd7 10. g4 Rc8 11. g5 Ne8 12. Nd5 Nc7 13. Ne3 b5 14. Qe1 Ne6 15. Bxb5 Ned4 16. Bd3 Bh3 17. Rf2 Qb6 18. Nd5 Nf3+ 19. Kh1 Nxe1 20. Nxb6 Nxd3 21. cxd3 axb6 22. Be3 Be6 23. f5 Bxb3 24. axb3 Bd4 25. Bxd4 Nxd4 26. Ra4 Nxb3 27. Rb4 Nc5 28. Rd2 Nd7 29. d4 Rc1+ 30. Kg2 Rfc8 31. f6 exf6 32. gxf6 Nxf6 33. e5 R1c2 34. Rxc2 Rxc2+ 35. Kf3 dxe5 36. dxe5 Nd7 0-1

[Event "Politiken Cup 36th"]
[Site "Helsingor"]
[Date "2014.07.28"]
[Round "9"]
[White "Hendrickson, Nolan"]
[Black "Rosenkilde, Alexander"]
[Result "1/2-1/2"]
[WhiteElo "2168"]
[BlackElo "2255"]
[PlyCount "68"]
[EventDate "2014.07.21"]
[EventType "swiss"]
[EventRounds "10"]
[EventCountry "DEN"]
[SourceTitle "CBM 161 Extra"]
[Source "ChessBase"]
[SourceDate "2014.08.29"]
[SourceVersion "1"]
[SourceVersionDate "2014.08.29"]
[SourceQuality "1"]

1. Nf3 Nf6 2. g3 d5 3. Bg2 e6 4. 0-0 b5 5. d3 Bb7 6. Nbd2 Be7 7. e4 dxe4 8. Ng5 Nbd7 9. Ndxe4 Qc8 10. Qe2 0-0 11. d4 b4 12. Rd1 h6 13. Nxf6+ Nxf6 14. Ne4 Nxe4 15. Bxe4 c5 16. Bf4 cxd4 17. Rxd4 Bxe4 18. Qxe4 Qc5 19. a3 bxa3 20. Rxa3 Rad8 21. Be3 Qb5 22. Rxa7 Bc5 23. Rxd8 Rxd8 24. Ra8 Rxa8 25. Qxa8+ Bf8 26. c3 f6 27. b4 Kf7 28. Qa7+ Kg6 29. Qd4 Be7 30. Bd2 Qa4 31. Qd3+ f5 32. Qe2 Kf6 33. Bf4 Qa1+ 34. Kg2 Qxc3 1/2-1/2

[Event "Politiken Cup 36th"]
[Site "Helsingor"]
[Date "2014.07.26"]
[Round "7"]
[White "Hendrickson, Nolan"]
[Black "Petersen, Tom Petri"]
[Result "0-1"]
[WhiteElo "2168"]
[BlackElo "2334"]
[PlyCount "56"]
[EventDate "2014.07.21"]
[EventType "swiss"]
[EventRounds "10"]
[EventCountry "DEN"]
[SourceTitle "CBM 161 Extra"]
[Source "ChessBase"]
[SourceDate "2014.08.29"]
[SourceVersion "1"]
[SourceVersionDate "2014.08.29"]
[SourceQuality "1"]

1. e4 g6 2. d4 Bg7 3. Nc3 a6 4. f4 d5 5. e5 h5 6. Nf3 Bg4 7. h3 Bxf3 8. Qxf3 e6 9. g3 c5 10. dxc5 Qa5 11. Bd2 Qxc5 12. Bd3 Nc6 13. a3 Nge7 14. b4 Qd4 15. Rb1 Nf5 16. b5 Nce7 17. Ne2 Qb6 18. Rb3 a5 19. a4 Rc8 20. g4 Nd4 21. Nxd4 Qxd4 22. gxh5 Rxh5 23. Bxa5 Nf5 24. Kd2 Bh6 25. Rf1 Rh4 26. Qf2 Rxf4 27. Qxd4 Rxf1+ 28. Ke2 Ng3# 0-1

[Event "Politiken Cup 36th"]
[Site "Helsingor"]
[Date "2014.07.24"]
[Round "5"]
[White "Hendrickson, Nolan"]
[Black "Sorensen, Dick"]
[Result "1-0"]
[WhiteElo "2168"]
[BlackElo "1977"]
[PlyCount "73"]
[EventDate "2014.07.21"]
[EventType "swiss"]
[EventRounds "10"]
[EventCountry "DEN"]
[SourceTitle "CBM 161 Extra"]
[Source "ChessBase"]
[SourceDate "2014.08.29"]
[SourceVersion "1"]
[SourceVersionDate "2014.08.29"]
[SourceQuality "1"]

1. e4 c5 2. Nc3 e6 3. f4 a6 4. Nf3 Nc6 5. g3 d6 6. Bg2 Nf6 7. 0-0 Be7 8. d3 0-0 9. h3 Rb8 10. g4 b5 11. Ne2 a5 12. Ng3 Ba6 13. f5 Qb6 14. g5 Nd7 15. f6 gxf6 16. gxf6 Bxf6 17. Nh5 c4+ 18. Kh1 Bg7 19. Nxg7 Kxg7 20. Ng5 Nce5 21. d4 Ng6 22. Qh5 Nf6 23. Rxf6 Kxf6 24. Nxh7+ Ke7 25. Nxf8 Rxf8 26. Be3 b4 27. Qg5+ Kd7 28. d5 Qd8 29. dxe6+ Kxe6 30. Qf5+ Ke7 31. Bh6 c3 32. bxc3 bxc3 33. Rd1 Bc4 34. Bg7 Qb6 35. Qf6+ Kd7 36. Bxf8 Nxf8 37. e5 1-0

[Event "Politiken Cup 36th"]
[Site "Helsingor"]
[Date "2014.07.22"]
[Round "3"]
[White "Hendrickson, Nolan"]
[Black "Greeuw, Sietske"]
[Result "1-0"]
[WhiteElo "2168"]
[BlackElo "1949"]
[PlyCount "61"]
[EventDate "2014.07.21"]
[EventType "swiss"]
[EventRounds "10"]
[EventCountry "DEN"]
[SourceTitle "CBM 161 Extra"]
[Source "ChessBase"]
[SourceDate "2014.08.29"]
[SourceVersion "1"]
[SourceVersionDate "2014.08.29"]
[SourceQuality "1"]

1. e4 c5 2. Nc3 Nc6 3. Bb5 Nd4 4. Nf3 Nxb5 5. Nxb5 d6 6. d4 a6 7. Nc3 cxd4 8. Qxd4 e5 9. Qb4 Ne7 10. 0-0 Nc6 11. Qa3 Be7 12. Nd5 0-0 13. Be3 f5 14. Bb6 Qd7 15. exf5 Rxf5 16. Rad1 Bf8 17. Rfe1 Qf7 18. c4 Be6 19. Be3 Rxf3 20. gxf3 Bh3 21. Bg5 h6 22. Bh4 Nd4 23. f4 Bg4 24. Rxd4 exd4 25. Qd3 Re8 26. Rxe8 Qxe8 27. f3 Bh3 28. Kf2 Qa4 29. Qg6 Kh8 30. Nf6 Bf5 31. Qf7 1-0

[Event "Politiken Cup 36th"]
[Site "Helsingor"]
[Date "2014.07.22"]
[Round "2"]
[White "Hillarp Persson, Tiger"]
[Black "Hendrickson, Nolan"]
[Result "1-0"]
[WhiteElo "2564"]
[BlackElo "2168"]
[PlyCount "45"]
[EventDate "2014.07.21"]
[EventType "swiss"]
[EventRounds "10"]
[EventCountry "DEN"]
[SourceTitle "CBM 161 Extra"]
[Source "ChessBase"]
[SourceDate "2014.08.29"]
[SourceVersion "1"]
[SourceVersionDate "2014.08.29"]
[SourceQuality "1"]

1. d4 Nf6 2. c4 c6 3. Nf3 d5 4. Nc3 a6 5. e3 g6 6. Bd3 Bg7 7. 0-0 0-0 8. h3 dxc4 9. Bxc4 b5 10. Bd3 c5 11. dxc5 Nfd7 12. Ne4 f5 13. Qb3+ Kh8 14. Rd1 Qe8 15. Neg5 Nxc5 16. Qd5 Qc6 17. Nf7+ Rxf7 18. Qxf7 Be6 19. Bxb5 Qc8 20. Qxe7 axb5 21. Rd8+ Qxd8 22. Qxd8+ Bg8 23. Bd2 1-0

[Event "Leiden op-A 8th"]
[Site "Leiden"]
[Date "2014.07.15"]
[Round "5"]
[White "Hendrickson, Nolan"]
[Black "Stany, George Anthony"]
[Result "1/2-1/2"]
[WhiteElo "2168"]
[BlackElo "2399"]
[PlyCount "85"]
[EventDate "2014.07.11"]
[EventType "swiss"]
[EventRounds "9"]
[EventCountry "NED"]
[SourceTitle "CBM 161 Extra"]
[Source "ChessBase"]
[SourceDate "2014.08.29"]
[SourceVersion "1"]
[SourceVersionDate "2014.08.29"]
[SourceQuality "1"]

1. e4 c5 2. Nc3 Nc6 3. Bb5 Nd4 4. Nf3 e6 5. 0-0 a6 6. Bd3 Nc6 7. b3 d5 8. exd5 exd5 9. Re1+ Be7 10. Ba3 Be6 11. Bf1 g5 12. Bb2 d4 13. Nb1 Qd6 14. Qe2 g4 15. Ne5 Nxe5 16. Qxe5 Qxe5 17. Rxe5 Bd6 18. Re1 Ne7 19. c3 Nc6 20. Na3 0-0-0 21. Nc4 Bc7 22. cxd4 cxd4 23. Rac1 Kb8 24. Ba3 Rhe8 25. g3 Bd5 26. Rxe8 Rxe8 27. Bg2 Bxg2 28. Kxg2 Re6 29. Bc5 b5 30. Nb6 Ne5 31. Nd5 Nd3 32. Ba7+ Kxa7 33. Rxc7+ Kb8 34. Rxf7 Ne1+ 35. Kf1 Nf3 36. Re7 Rc6 37. Re8+ Kb7 38. Re7+ Kc8 39. Ke2 Rc2 40. Re8+ Kb7 41. Re7+ Kc8 42. Re8+ Kb7 43. Re7+ 1/2-1/2

[Event "Bay Area op"]
[Site "Santa Clara"]
[Date "2014.01.04"]
[Round "4"]
[White "Breckenridge, Steven James"]
[Black "Hendrickson, Nolan"]
[Result "1/2-1/2"]
[WhiteElo "2342"]
[BlackElo "2145"]
[PlyCount "58"]
[EventDate "2014.01.02"]
[EventType "swiss"]
[EventRounds "9"]
[EventCountry "USA"]
[SourceTitle "CBM 158 Extra"]
[Source "ChessBase"]
[SourceDate "2014.02.28"]
[SourceVersion "1"]
[SourceVersionDate "2014.02.28"]
[SourceQuality "1"]

1. e4 c5 2. c3 Nf6 3. e5 Nd5 4. Nf3 d6 5. d4 cxd4 6. Qxd4 e6 7. Nbd2 a6 8. Nc4 Nc6 9. Qe4 dxe5 10. Ncxe5 Nxe5 11. Nxe5 Bd6 12. Nf3 0-0 13. Bd3 f5 14. Qe2 Qc7 15. 0-0 Bd7 16. Re1 Rae8 17. Ne5 Bxe5 18. Qxe5 Qxe5 19. Rxe5 Ne7 20. Re1 Nc6 21. Be3 e5 22. Bc5 Rf6 23. Rad1 Be6 24. Bb1 Rf7 25. Rd2 Rd7 26. Rde2 Bc4 27. Re3 Be6 28. b3 Kf7 29. Bb6 Ree7 1/2-1/2

[Event "Dearborn Fall op 3rd"]
[Site "Dearborn"]
[Date "2013.10.27"]
[Round "8"]
[White "Hendrickson, Nolan"]
[Black "Virkud, Apurva"]
[Result "0-1"]
[WhiteElo "2178"]
[BlackElo "1945"]
[PlyCount "78"]
[EventDate "2013.10.23"]
[EventType "swiss"]
[EventRounds "9"]
[EventCountry "USA"]
[SourceTitle "EXT 2015"]
[Source "ChessBase"]
[SourceDate "2014.11.20"]
[SourceVersion "1"]
[SourceVersionDate "2014.11.20"]
[SourceQuality "1"]

1. e4 c5 2. Nc3 d6 3. f4 Nc6 4. Nf3 g6 5. Bb5 Bd7 6. 0-0 Bg7 7. d3 Nf6 8. a4 0-0 9. Bxc6 Bxc6 10. Qe1 Qd7 11. Qh4 Qg4 12. Qf2 Qd7 13. h3 b6 14. Qh4 Rad8 15. f5 gxf5 16. Bh6 Ne8 17. Bxg7 Kxg7 18. Qg5+ Kh8 19. Qh6 Rg8 20. Ng5 Rg7 21. Rxf5 Nf6 22. Raf1 Kg8 23. R1f3 Rg6 24. Qh4 h6 25. Rg3 hxg5 26. Rfxg5 Kg7 27. Nd1 Rg8 28. Ne3 Kf8 29. Nf5 Qe6 30. Rxg6 fxg6 31. Qh6+ Kf7 32. Nh4 d5 33. Nxg6 dxe4 34. dxe4 Qxe4 35. Nh8+ Ke8 36. Rxg8+ Nxg8 37. Qg7 Nf6 38. Nf7 Qxg2+ 39. Qxg2 Bxg2 0-1

[Event "Saint Louis SPICE Cup op 7th"]
[Site "Saint Louis"]
[Date "2013.10.17"]
[Round "5"]
[White "Hendrickson, Nolan"]
[Black "Leon Hoyos, Manuel"]
[Result "0-1"]
[WhiteElo "2178"]
[BlackElo "2552"]
[PlyCount "94"]
[EventDate "2013.10.15"]
[EventType "swiss"]
[EventRounds "9"]
[EventCountry "USA"]
[SourceTitle "EXT 2014"]
[Source "ChessBase"]
[SourceDate "2013.11.20"]
[SourceVersion "1"]
[SourceVersionDate "2013.11.20"]
[SourceQuality "1"]

1. e4 c5 2. Nc3 g6 3. f4 Bg7 4. Nf3 Nc6 5. Bb5 Nd4 6. 0-0 Nxb5 7. Nxb5 d5 8. exd5 a6 9. Nc3 Nf6 10. d4 Nxd5 11. dxc5 Nxc3 12. Qxd8+ Kxd8 13. bxc3 Bxc3 14. Rb1 Kc7 15. Rb3 Bf6 16. Bd2 Be6 17. Ba5+ Kc8 18. Rb6 Rd8 19. Rxe6 fxe6 20. Bxd8 Kxd8 21. Ng5 Bxg5 22. fxg5 Ke8 23. Rb1 Rc8 24. Rxb7 Rxc5 25. Ra7 Ra5 26. Kf2 Rxa2 27. Kf3 Kf7 28. h4 e5 29. Rc7 Ke6 30. Ke4 Kd6 31. Rc8 Ra4+ 32. c4 Rb4 33. Kd3 Rb3+ 34. Ke4 Rc3 35. Rd8+ Kc7 36. Ra8 Kb7 37. Re8 Rxc4+ 38. Kxe5 Rxh4 39. Rxe7+ Kb6 40. Kd5 a5 41. Re8 Kb5 42. Rb8+ Ka4 43. Rb1 Rg4 44. Rh1 Rxg5+ 45. Kc4 Rg4+ 46. Kc3 h5 47. Rb1 Rxg2 0-1

[Event "Saint Louis SPICE Cup op 7th"]
[Site "Saint Louis"]
[Date "2013.10.15"]
[Round "1"]
[White "Hendrickson, Nolan"]
[Black "Finegold, Benjamin"]
[Result "0-1"]
[WhiteElo "2178"]
[BlackElo "2482"]
[PlyCount "64"]
[EventDate "2013.10.15"]
[EventType "swiss"]
[EventRounds "9"]
[EventCountry "USA"]
[SourceTitle "EXT 2014"]
[Source "ChessBase"]
[SourceDate "2013.11.20"]
[SourceVersion "1"]
[SourceVersionDate "2013.11.20"]
[SourceQuality "1"]

1. e4 e5 2. Nf3 Nc6 3. Bc4 g6 4. d4 exd4 5. 0-0 Bg7 6. c3 d6 7. cxd4 Nf6 8. Nc3 0-0 9. h3 Na5 10. Bd3 c5 11. dxc5 dxc5 12. Qe2 Re8 13. Rd1 Bd7 14. Be3 Qc8 15. e5 Nh5 16. Ne4 Bxe5 17. Nxe5 Rxe5 18. g4 Bc6 19. Bd2 Bxe4 20. Bxa5 Qe6 21. Bc3 Nf4 22. Qe3 Nd5 23. Qxc5 Nxc3 24. Qxc3 Rc8 25. Qd4 Bf3 26. Rdc1 Bc6 27. Bf1 Re4 28. Qd3 Rb4 29. b3 Qf6 30. Bg2 Rd8 31. Qc3 Rd1+ 32. Kh2 Qxc3 0-1

[Event "USA tt"]
[Site "ICC INT"]
[Date "2013.09.25"]
[Round "5"]
[White "Hendrickson, Nolan"]
[Black "Garcia, Diego"]
[Result "0-1"]
[WhiteElo "2178"]
[BlackElo "1555"]
[PlyCount "92"]
[EventDate "2013.08.27"]
[EventType "team-tourn"]
[EventRounds "10"]
[EventCountry "USA"]
[SourceTitle "CBM 156 Extra"]
[Source "ChessBase"]
[SourceDate "2013.10.22"]
[SourceVersion "1"]
[SourceVersionDate "2013.10.22"]
[SourceQuality "1"]
[WhiteTeam "St Louis"]
[BlackTeam "Carolina"]
[WhiteTeamCountry "USA"]
[BlackTeamCountry "USA"]

1. e4 c5 2. Nc3 Nc6 3. f4 g6 4. Nf3 Bg7 5. Bb5 Nd4 6. 0-0 a6 7. Bc4 e6 8. d3 Ne7 9. Nxd4 cxd4 10. Ne2 d5 11. Bb3 dxe4 12. dxe4 0-0 13. Ng3 b5 14. Bd2 a5 15. a4 b4 16. Qf3 Bb7 17. Rad1 Nf5 18. Bc1 Qb6 19. Rfe1 d3+ 20. Kh1 dxc2 21. Bxc2 Nd4 22. Qf2 b3 23. Bb1 Qb4 24. Bd2 Qxa4 25. Bc3 Nc2 26. Bxg7 Kxg7 27. Re2 Rfd8 28. Red2 Rxd2 29. Qxd2 Bxe4 30. Qc3+ Kg8 31. Qe5 Bd5 32. h4 Qb4 33. h5 Qb8 34. Rxd5 exd5 35. Qxd5 Qd8 36. Qxb3 Nd4 37. Qe3 Qh4+ 38. Kg1 Qxg3 39. Qxd4 Re8 40. Bd3 Qe1+ 41. Kh2 Qh4+ 42. Kg1 Qxh5 43. Be4 Qe2 44. Bd5 Qe3+ 45. Qxe3 Rxe3 46. Kf2 Rd3 0-1

[Event "USA tt playoff"]
[Site "ICC INT"]
[Date "2012.11.15"]
[Round "1"]
[White "Hendrickson, Nolan"]
[Black "Chakraborty, Dipro"]
[Result "1-0"]
[WhiteElo "2197"]
[BlackElo "2166"]
[PlyCount "85"]
[EventDate "2012.11.12"]
[EventType "team-k.o."]
[EventRounds "3"]
[EventCountry "USA"]
[SourceTitle "CBM 151 Extra"]
[Source "ChessBase"]
[SourceDate "2012.12.18"]
[SourceVersion "1"]
[SourceVersionDate "2012.12.18"]
[SourceQuality "1"]
[WhiteTeam "St Louis"]
[BlackTeam "Arizona"]
[WhiteTeamCountry "USA"]
[BlackTeamCountry "USA"]

1. e4 d6 2. d4 Nf6 3. Nc3 e5 4. dxe5 dxe5 5. Qxd8+ Kxd8 6. Bc4 Ke8 7. Nf3 Bd6 8. Bg5 Nbd7 9. 0-0-0 h6 10. Bh4 a6 11. a4 b6 12. Rhe1 Bb7 13. Bxf6 Nxf6 14. Nd5 Nd7 15. Nc3 Rd8 16. Bd5 Bc8 17. Nd2 Bb4 18. Re3 Nf6 19. Nc4 Bc5 20. Red3 Bd4 21. Ne2 Nxd5 22. exd5 Bxf2 23. Nxe5 Bh4 24. d6 Rxd6 25. Rxd6 cxd6 26. Rxd6 Bf2 27. Nc3 Ke7 28. Rd2 Bc5 29. b4 Be3 30. Nd5+ Ke6 31. Nxe3 Kxe5 32. Nc4+ Ke4 33. Nxb6 Be6 34. c4 Rb8 35. c5 Rb7 36. Kb2 Ke3 37. Kc3 g5 38. b5 h5 39. Rd6 h4 40. c6 Rc7 41. Rxe6+ fxe6 42. Nc4+ Kf2 43. b6 1-0

[Event "Saint Louis SPICE Cup op 6th"]
[Site "Saint Louis"]
[Date "2012.10.17"]
[Round "3"]
[White "Fierro Baquero, Martha Lorena"]
[Black "Hendrickson, Nolan"]
[Result "1/2-1/2"]
[WhiteElo "2387"]
[BlackElo "2146"]
[PlyCount "176"]
[EventDate "2012.10.16"]
[EventType "swiss"]
[EventRounds "9"]
[EventCountry "USA"]
[SourceTitle "EXT 2013"]
[Source "ChessBase"]
[SourceDate "2012.11.22"]
[SourceVersion "1"]
[SourceVersionDate "2012.11.22"]
[SourceQuality "1"]

1. c4 e5 2. g3 Nc6 3. Bg2 f5 4. Nc3 Nf6 5. d3 Bb4 6. Bd2 0-0 7. Nd5 a5 8. e3 d6 9. Ne2 Bxd2+ 10. Qxd2 Ne7 11. 0-0 c6 12. Nxf6+ Rxf6 13. d4 Qc7 14. f4 e4 15. d5 c5 16. Nc3 Bd7 17. g4 g6 18. Rf2 Rf7 19. b3 Re8 20. Qb2 Nc8 21. Kh1 Qd8 22. g5 Na7 23. Bf1 Qc7 24. Be2 Rb8 25. a4 Be8 26. Rg1 Rg7 27. h4 Rd8 28. Rh2 Rdd7 29. Rg3 Kf8 30. h5 Rdf7 31. Rgh3 Ke7 32. Qc2 Kd8 33. hxg6 hxg6 34. Rh6 Nc8 35. Kg1 Ne7 36. Rh8 Ng8 37. Bf1 b6 38. Bh3 Qe7 39. Ne2 Kc7 40. Qd2 Qd7 41. Ng3 Qe7 42. Qb2 Bd7 43. Ne2 Be8 44. Qa1 Qd7 45. Kf2 Kb7 46. Rh1 Ka7 47. Nc3 Qc7 48. Bg2 Bd7 49. Ke2 Kb7 50. Kd2 Ka7 51. R1h3 Be8 52. Qh1 Bd7 53. R3h4 Kb7 54. R8h7 Be8 55. Rh8 Bd7 56. R4h7 Be8 57. Rxg7 Rxg7 58. Qh2 Qe7 59. Qh1 Bd7 60. Kc2 Qf7 61. Kd1 Ne7 62. Qh2 Rg8 63. Rh7 Rg7 64. Rh6 Rg8 65. Rh7 Rg7 66. Rh8 Rg8 67. Qh6 Rg7 68. Bh3 Rg8 69. Rh7 Qe8 70. Ke2 Kc7 71. Kd2 Kd8 72. Bg2 Kc7 73. Bf1 Kd8 74. Be2 Kc7 75. Bd1 Kd8 76. Bc2 Kc7 77. Ne2 Kd8 78. Bd1 Kc7 79. Rg7 Qf8 80. Rh7 Qe8 81. Bc2 Kd8 82. Nc3 Kc7 83. Qh4 Rf8 84. Kc1 Rf7 85. Qh6 Rxh7 86. Qxh7 Qf8 87. Kd2 Kd8 88. Bd1 Qg8 1/2-1/2

[Event "Saint Louis SPICE Cup op 6th"]
[Site "Saint Louis"]
[Date "2012.10.16"]
[Round "2"]
[White "Yang, Darwin"]
[Black "Hendrickson, Nolan"]
[Result "1-0"]
[WhiteElo "2485"]
[BlackElo "2146"]
[PlyCount "57"]
[EventDate "2012.10.16"]
[EventType "swiss"]
[EventRounds "9"]
[EventCountry "USA"]
[SourceTitle "EXT 2013"]
[Source "ChessBase"]
[SourceDate "2012.11.22"]
[SourceVersion "1"]
[SourceVersionDate "2012.11.22"]
[SourceQuality "1"]

1. d4 d5 2. c4 c6 3. Nf3 Nf6 4. Nc3 a6 5. e3 e6 6. b3 Bb4 7. Bd2 Nbd7 8. Bd3 0-0 9. 0-0 Bd6 10. Rc1 h6 11. h3 Re8 12. e4 dxc4 13. bxc4 e5 14. c5 Bc7 15. Be3 exd4 16. Bxd4 Ne5 17. Bxe5 Bxe5 18. Nxe5 Rxe5 19. Na4 Qe8 20. f4 Re7 21. Nb6 Rb8 22. e5 Nd5 23. Nc4 f5 24. exf6 Nxf6 25. Nd6 Qf8 26. f5 Bd7 27. Bc4+ Kh7 28. Qd3 Re5 29. Qg3 1-0

[Event "Chicago op 21st"]
[Site "Wheeling"]
[Date "2012.05.28"]
[Round "8"]
[White "Hendrickson, Nolan"]
[Black "Amanov, Zhanibek"]
[Result "0-1"]
[WhiteElo "2141"]
[BlackElo "2401"]
[PlyCount "76"]
[EventDate "2012.05.24"]
[EventType "swiss"]
[EventRounds "9"]
[EventCountry "USA"]
[SourceTitle "CBM 148 Extra"]
[Source "ChessBase"]
[SourceDate "2012.06.22"]
[SourceVersion "1"]
[SourceVersionDate "2012.06.22"]
[SourceQuality "1"]

1. e4 e5 2. Nf3 Nc6 3. Bc4 Bc5 4. c3 Nf6 5. d4 exd4 6. cxd4 Bb4+ 7. Bd2 Bxd2+ 8. Nbxd2 d5 9. exd5 Nxd5 10. 0-0 0-0 11. Rc1 Nce7 12. Re1 c6 13. Ne4 Ng6 14. Nc3 Nb6 15. Bb3 Bg4 16. h3 Bxf3 17. Qxf3 Qxd4 18. Rcd1 Qh4 19. Ne4 Rae8 20. Nd6 Re7 21. g3 Qg5 22. Rxe7 Qxe7 23. Qh5 Nd5 24. Bxd5 cxd5 25. Qxd5 Rd8 26. Kg2 Kf8 27. Qf5 Qc7 28. Qd5 Qe7 29. Qf5 b6 30. Rd4 a6 31. h4 f6 32. Qd3 Ne5 33. Qd1 Qd7 34. Nf5 Qc6+ 35. Kf1 Qh1+ 36. Ke2 Qf3+ 37. Ke1 Nd3+ 38. Rxd3 Qxd3 0-1

[Event "Continental Class-ch"]
[Site "Arlington"]
[Date "2011.10.07"]
[Round "2"]
[White "Betaneli, Aleksandr"]
[Black "Hendrickson, Nolan"]
[Result "1-0"]
[WhiteElo "2270"]
[BlackElo "2116"]
[PlyCount "61"]
[EventDate "2011.10.06"]
[EventType "swiss"]
[EventRounds "9"]
[EventCountry "USA"]
[SourceTitle "CBM 144 Extra"]
[Source "ChessBase"]
[SourceDate "2011.10.28"]
[SourceVersion "1"]
[SourceVersionDate "2011.10.28"]
[SourceQuality "1"]

1. e4 c5 2. b3 Nc6 3. Bb2 d6 4. Bb5 e5 5. Ne2 Nge7 6. 0-0 g6 7. f4 Bg7 8. Bxc6+ Nxc6 9. Ng3 h5 10. f5 h4 11. Ne2 gxf5 12. exf5 Qg5 13. f6 Bxf6 14. Nbc3 Bf5 15. Rf2 Ne7 16. Nb5 0-0-0 17. Nxa7+ Kb8 18. Nb5 Qg6 19. d3 Nd5 20. Qe1 b6 21. a4 Bg5 22. Bc1 Ne3 23. Nec3 Ng4 24. Re2 Bf4 25. Bxf4 exf4 26. Qf1 Qg5 27. Qf3 Nxh2 28. Qc6 Rd7 29. a5 Bg4 30. axb6 Nf3+ 31. Kh1 1-0